| 000 | 00537nam a2200181 4500 | ||
|---|---|---|---|
| 001 | 122134 | ||
| 003 | ES-MaACL | ||
| 007 | t| | ||
| 008 | 070214s1949 sp r ||||1| spa d | ||
| 100 | 1 |
_aPou, Esteban. _993407 |
|
| 245 | 1 | 0 |
_aFabricación de tintas / _cEsteban Pou. |
| 260 |
_aBarcelona : _bLibrería Sintes, _c1949. |
||
| 300 |
_a144 p. ; _c19 cm. |
||
| 490 | 1 |
_aSelecta enciclopedia práctica ; _v28 |
|
| 830 | 0 |
_aSelecta enciclopedia práctica ; _v28 _9181339 |
|
| 852 |
_aES-MaACL _jE-983 _bR.27037 |
||
| 999 |
_c122134 _d122134 |
||